| 000 | 00535cam a2200217ua 4500 | ||
|---|---|---|---|
| 001 | 8544 | ||
| 005 | 20260515114340.0 | ||
| 008 | 150205n ii |||gr||||Z||||||eng | ||
| 020 | _a8125022295 | ||
| 040 | _cMAIN | ||
| 041 | _aeng | ||
| 082 | _a420.954 | ||
| 100 |
_aKudchedkar, S., _eEditor. |
||
| 245 | 1 |
_aEnglish language teaching in India _cEdited by S. Kudchedkar |
|
| 250 | _a1st. | ||
| 260 |
_aNew delhi: _bOrient, _c2002. |
||
| 300 | _a382p. | ||
| 653 | _aEnglish & Old English | ||
| 653 | _aEnglish language | ||
| 942 | _cBK | ||
| 999 |
_c7639 _d7639 |
||